Speed Math - 1 Digit Addition - Statistics

General Stats
  • This quiz has been taken 121,101 times
    120,300 since last reset
  • The average score is 32 of 40
Answer Stats
Hint Answer % Correct
1+0 1
81%
0+2 2
81%
1+3 4
81%
3+1 4
81%
0+6 6
81%
0+0 0
80%
0+1 1
80%
1+9 10
80%
2+8 10
80%
4+6 10
80%
5+5 10
80%
6+4 10
80%
7+3 10
80%
8+2 10
80%
9+1 10
80%
2+9 11
80%
3+8 11
80%
6+5 11
80%
9+2 11
80%
3+9 12
80%
4+8 12
80%
6+6 12
80%
8+4 12
80%
7+7 14
80%
8+8 16
80%
9+9 18
80%
1+1 2
80%
2+0 2
80%
0+3 3
80%
1+2 3
80%
2+1 3
80%
3+0 3
80%
0+4 4
80%
2+2 4
80%
4+0 4
80%
0+5 5
80%
1+4 5
80%
2+3 5
80%
3+2 5
80%
5+0 5
80%
1+5 6
80%
2+4 6
80%
3+3 6
80%
5+1 6
80%
6+0 6
80%
0+7 7
80%
1+6 7
80%
2+5 7
80%
4+3 7
80%
5+2 7
80%
6+1 7
80%
7+0 7
80%
1+7 8
80%
2+6 8
80%
4+4 8
80%
6+2 8
80%
8+0 8
80%
0+9 9
80%
1+8 9
80%
2+7 9
80%
3+6 9
80%
4+5 9
80%
5+4 9
80%
6+3 9
80%
7+2 9
80%
9+0 9
80%
3+7 10
79%
4+7 11
79%
5+6 11
79%
7+4 11
79%
8+3 11
79%
9+3 12
79%
4+9 13
79%
5+8 13
79%
6+7 13
79%
7+6 13
79%
8+5 13
79%
9+4 13
79%
5+9 14
79%
6+8 14
79%
9+5 14
79%
6+9 15
79%
9+6 15
79%
8+9 17
79%
9+8 17
79%
4+1 5
79%
4+2 6
79%
3+4 7
79%
0+8 8
79%
3+5 8
79%
5+3 8
79%
7+1 8
79%
8+1 9
79%
5+7 12
78%
7+5 12
78%
8+6 14
78%
7+8 15
78%
8+7 15
78%
7+9 16
78%
9+7 16
78%
No matching quizzes found
Score Distribution
Percent of People with Each Score
Percentile by Number Answered
Your Score History
You have not taken this quiz since the last reset